Представление документа в формате MARC21

Поле Инд. ПП Название Значение
Тип записи a
Библиографический уровень m
001 Контрольный номер RU/IS/BASE/264540215
005 Дата корректировки 20250530154643.4
008 Кодируемые данные 19970307
020 00 a ISBN 5-250-01302-3
040 00 e Правила каталог. Г.Я. 970307
084 a Индекс другой классификации/Индекс ББК 87.3(2)63-592; 87.3(2Рос)62-8Ильенков Э. В.; 87.2в6; 87.4; 71.00
090 00 a Полочн. индекс 87.3(2)63-592 испр.
x Авторский знак И 457
100 10 a Автор Ильенков Э. В.
q Полное имя Ильенков Эвальд Васильевич
245 00 a Заглавие Философия и культура
c Ответственность редколлегия: Т. И. Ойзерман, П. П. Гайденко, Л. И. Греков [и др.]; составитель А. Г. Новохатько
260 00 a Место издания Москва
b Издательство Политиздат
c Дата издания 1991
300 00 a Объем 464 с.
336 a Термин вида содержания Текст
337 a Термин типа средства непосредственный
440 00 a Серия Мыслители XX века
504 00 a Библиография Прил.: с. 415-449. - Коммент.: с. 450-459. - Указ. имен: с. 460-463
600 14 a Персоналии Аристотель
a Персоналии Гегель Георг Вильгельм Фридрих
a Персоналии Декарт Рене
a Персоналии Кант Иммануил
a Персоналии Ленин Владимир Ильич
a Персоналии Маркс Карл
a Персоналии Платон
a Персоналии Спиноза Бенедикт
a Персоналии Фейербах Людвиг
a Персоналии Фихте Иоганн Готлиб
a Персоналии Шафф Адам
a Персоналии Энгельс Фридрих
650 04 a Основная рубрика история философии
a Основная рубрика философия
653 00 a Ключевые слова XX век
a Ключевые слова абстрактное
a Ключевые слова античная диалектика
a Ключевые слова бытие
a Ключевые слова вещь
a Ключевые слова гегельянство
a Ключевые слова гносеология
a Ключевые слова гуманизм
a Ключевые слова деятельность
a Ключевые слова диалектика
a Ключевые слова догматизм
a Ключевые слова дух
a Ключевые слова жизнь
a Ключевые слова идеализм
a Ключевые слова идеалистическая диалектика
a Ключевые слова идеалы
a Ключевые слова идеальное
a Ключевые слова истина
a Ключевые слова историческое
a Ключевые слова коммунизм
a Ключевые слова конкретное
a Ключевые слова космология
a Ключевые слова культура
a Ключевые слова культурология
a Ключевые слова личность
a Ключевые слова логика
a Ключевые слова логический анализ
a Ключевые слова логическое
a Ключевые слова марксизм
a Ключевые слова марксизм-ленинизм
a Ключевые слова материализм
a Ключевые слова материалистическая диалектика
a Ключевые слова материя
a Ключевые слова метафизика
a Ключевые слова методология
a Ключевые слова мировоззрение
a Ключевые слова мыслители
a Ключевые слова мышление
a Ключевые слова научное знание
a Ключевые слова немецкая классическая философия
a Ключевые слова новейшее время
a Ключевые слова общественное сознание
a Ключевые слова объективность
a Ключевые слова объекты
a Ключевые слова онтология
a Ключевые слова отчуждение
a Ключевые слова познание
a Ключевые слова противоречия
a Ключевые слова религия
a Ключевые слова Россия
a Ключевые слова самосознание
a Ключевые слова свобода воли
a Ключевые слова скептицизм
a Ключевые слова софистика
a Ключевые слова социализм
a Ключевые слова социалисты-утописты
a Ключевые слова способности
a Ключевые слова стоицизм
a Ключевые слова субстанции
a Ключевые слова субъект
a Ключевые слова сущность человека
a Ключевые слова феноменология
a Ключевые слова философия религии
a Ключевые слова философские законы
a Ключевые слова философские категории
a Ключевые слова философские учения
a Ключевые слова философы
a Ключевые слова христианство
a Ключевые слова человек
a Ключевые слова человеческий индивид
a Ключевые слова эмпиризм
a Ключевые слова язык
700 10 a Автор Ойзерман Т. И.
e Роль лиц редактор
700 10 a Автор Гайденко П. П.
e Роль лиц редактор
700 10 a Автор Греков Л. И.
e Роль лиц редактор
700 10 a Автор Зотов А. Ф.
e Роль лиц редактор
700 10 a Автор Соловьев Э. Ю.
e Роль лиц редактор
700 10 a Автор Огурцов А. П.
e Роль лиц редактор
700 10 a Автор Филатов В. П.
e Роль лиц редактор
700 10 a Автор Яковлев А. А.
e Роль лиц редактор
700 12 a Автор Новохатько А. Г.
e Роль лиц составитель
901 t Тип документа m
952 a Тип литературы для КСУ ВШ НАУ